[Event "Lilla Elite Hotels Open 2015"]
[Site "Elite Stadshotellet, Vaxjo"]
[Date "2015.02.14"]
[Round "6.11"]
[White "Morell, Adam"]
[Black "Karlsson, Roger 1951"]
[Result "0-1"]
[WhiteElo "1300"]
[BlackElo "1336"]
[EventDate "2015.02.13"]

1.e4 e5 2.Nf3 Nc6 3.Bc4 h6 4.d4 exd4 5.Nxd4 Bc5 6.Be3 Ne5 7.Bb3 d6 8.O-O 
Nf6 9.Nc3 c6 10.Nf5 Bxf5 11.Bxc5 dxc5 12.Qxd8+ Rxd8 13.exf5 O-O 14.Rad1 c4
15.Rfe1 Rxd1 16.Nxd1 Rd8 17.f4 Nd3 18.cxd3 cxb3 19.axb3 Rxd3 20.b4 Rb3 21.
h3 Rxb4 22.Rf1 Nd5 23.g3 a5 24.Rf2 Rb3 25.Kg2 Rd3 26.Rf1 c5 27.g4 Rxd1 28.
Rxd1 Ne3+ 29.Kf3 Nxd1 30.b3 Kf8 31.Ke2 Nb2 32.Kd2 b5 33.Kc2 Ke7 34.Kxb2 
Kd6 35.h4 b4 36.h5 Kd5 37.g5 f6 38.Kc2 Kd4 39.Kd2 c4 40.bxc4 Kxc4 41.gxf6 
gxf6 42.Kc2 a4 43.Kb2 b3 44.Ka3 Kc3 0-1

[Event "Lilla Elite Hotels Open 2015"]
[Site "Elite Stadshotellet, Vaxjo"]
[Date "2015.02.14"]
[Round "6.12"]
[White "Morell, Ludvig"]
[Black "Jorgensen, Stein"]
[Result "0-1"]
[WhiteElo "1178"]
[BlackElo "1452"]
[EventDate "2015.02.13"]

1.e4 c5 2.Nf3 e6 3.Bc4 a6 4.O-O b5 5.Be2 Bb7 6.Nc3 b4 7.Nb1 Bxe4 8.Re1 Nf6
9.d3 Bb7 10.Be3 d5 11.Bg5 h6 12.Bf4 Be7 13.Bxb8 Rxb8 14.Nbd2 Qc7 15.d4 Ng4
16.h3 Nf6 17.dxc5 Bxc5 18.Nb3 Ba7 19.Nbd4 O-O 20.Bf1 Ne4 21.Nb3 Nxf2 22.
Qd2 Nxh3+ 23.Kh1 Nf2+ 24.Kg1 Ne4+ 25.Kh1 Nxd2 26.Nfxd2 Qb6 27.Be2 Qf2 28.
Bd3 Qh4# 0-1

[Event "Lilla Elite Hotels Open 2015"]
[Site "Elite Stadshotellet, Vaxjo"]
[Date "2015.02.14"]
[Round "6.13"]
[White "Fredriksson, Erling"]
[Black "Krohn, Johan"]
[Result "0-1"]
[WhiteElo "1142"]
[BlackElo "1118"]
[EventDate "2015.02.13"]

1.e4 e6 2.d4 d5 3.e5 c5 4.Nf3 Nc6 5.Nc3 Qb6 6.Be3 Qxb2 7.Ne2 cxd4 8.Bxd4 
Nxd4 9.Nexd4 Bb4+ 10.Ke2 Bc3 11.g3 Qxa1 12.Nb5 Qxd1+ 13.Kxd1 Rb8 14.Nxc3 
Ne7 15.Bb5+ Nc6 16.Ke2 O-O 17.Rb1 Bd7 18.Kf1 a6 19.Bd3 b5 20.Ne2 f6 21.
exf6 Rxf6 22.Ng5 h6 23.Nh3 e5 24.Kg2 e4 25.Nef4 exd3 26.Nxd5 Bxh3+ 27.Kxh3
Rxf2 28.cxd3 Rxa2 29.Nb4 Nxb4 30.Rxb4 Rd8 31.d4 Rd2 32.Rb3 R2xd4 33.Ra3 
Ra4 34.Re3 Rc4 35.Ra3 Ra8 36.g4 b4 37.Ra4 Rc3+ 38.Kh4 a5 39.h3 Ra3 0-1

[Event "Lilla Elite Hotels Open 2015"]
[Site "Elite Stadshotellet, Vaxjo"]
[Date "2015.02.14"]
[Round "6.14"]
[White "Sahak, Sanjar"]
[Black "Kastrati, Anton"]
[Result "1-0"]
[WhiteElo "1710"]
[BlackElo "1170"]
[EventDate "2015.02.13"]

1.e4 e5 2.Nf3 d6 3.d4 Nc6 4.Bb5 Bd7 5.Bg5 Be7 6.Be3 Nf6 7.Nc3 O-O 8.dxe5 
dxe5 9.a3 Ng4 10.Bd2 Nd4 11.Bc4 Qe8 12.Nd5 Ne6 13.Bc3 Bc5 14.Ne3 Nxe3 15.
fxe3 Rd8 16.Qe2 f6 17.O-O Kh8 18.Nd2 Nf4 19.Qf3 Qg6 20.Kh1 Bg4 21.Qg3 Nh5 
22.Qe1 Bc8 23.Nb3 b6 24.Nxc5 bxc5 25.Qh4 Bg4 26.Rf2 Qxe4 27.Bd3 Qxe3 28.
Raf1 e4 29.Qxg4 exd3 30.Qxh5 dxc2 31.Rxc2 Qd3 32.Rcc1 Rfe8 33.Qxc5 Rd7 34.
Rcd1 Qe2 35.Rde1 Qxf1+ 36.Rxf1 Red8 37.h3 Rd1 38.Rxd1 Rxd1+ 1-0

[Event "Lilla Elite Hotels Open 2015"]
[Site "Elite Stadshotellet, Vaxjo"]
[Date "2015.02.14"]
[Round "6.15"]
[White "Johannesson, Olof"]
[Black "Pfeiffer, Samuel"]
[Result "1-0"]
[WhiteElo "1343"]
[BlackElo "1100"]
[EventDate "2015.02.13"]

1.f4 Nh6 2.b3 f5 3.Nf3 e6 4.Bb2 Nc6 5.e3 d5 6.Ng5 Ng4 7.Be2 h6 8.Nf3 h5 9.
Nc3 b6 10.Bd3 e5 11.Bb5 Bb7 12.fxe5 a6 13.Bd3 g6 14.Ne2 Bg7 15.g3 Ngxe5 
16.Nfd4 Nxd4 17.Nxd4 Nc6 18.Ne6 Qe7 19.Nxg7+ Kd7 20.Nxf5 Qf7 21.Bxh8 Rxh8 
22.O-O gxf5 23.Bxf5+ Kd8 24.Rf4 Ne7 25.Bc8 Qg7 26.Bxb7 Ng6 27.Rd4 c6 28.
Bxc6 Ne7 29.Bxd5 Nxd5 30.Rxd5+ Kc8 31.Rd4 Rd8 32.Rxd8+ Kxd8 33.Rb1 h4 34.
Qf3 hxg3 35.Qxg3 Qxg3+ 36.hxg3 b5 37.g4 Ke7 38.Rf1 1-0

[Event "Lilla Elite Hotels Open 2015"]
[Site "Elite Stadshotellet, Vaxjo"]
[Date "2015.02.14"]
[Round "6.16"]
[White "Jernberg, Christopher"]
[Black "Lindberg, Styrbjorn"]
[Result "1-0"]
[WhiteElo "1196"]
[BlackElo "1305"]
[EventDate "2015.02.13"]

1.e4 e5 2.Nf3 Nc6 3.d4 exd4 4.Nxd4 Nf6 5.Nxc6 bxc6 6.Bg5 Be7 7.Nc3 O-O 8.
Bd3 d5 9.exd5 Nxd5 10.Be3 Re8 11.O-O Nxe3 12.fxe3 Bc5 13.Re1 Bxe3+ 14.Rxe3
Rxe3 15.Bxh7+ Kxh7 16.Qxd8 Bb7 17.Qh4+ Kg8 18.Re1 g5 19.Qxg5+ Kf8 20.Rxe3 
1-0

[Event "Lilla Elite Hotels Open 2015"]
[Site "Elite Stadshotellet, Vaxjo"]
[Date "2015.02.14"]
[Round "6.17"]
[White "Sandberg, Simon"]
[Black "Fahradin, Bear"]
[Result "0-1"]
[WhiteElo "1150"]
[BlackElo "1221"]
[EventDate "2015.02.13"]

1.e4 e5 2.Nf3 Nc6 3.Bc4 Nf6 4.d3 Bc5 5.Nc3 d6 6.Na4 Be6 7.Bxe6 fxe6 8.Nxc5
dxc5 9.Be3 Qd6 10.O-O O-O 11.Qd2 Nd4 12.Qd1 Ng4 13.h3 Nxf3+ 14.gxf3 Nf6 
15.Qd2 Nh5 16.Kh2 Nf4 17.Rg1 Rf6 18.Rg4 Raf8 19.Rag1 R8f7 20.Qa5 Rh6 21.
R4g3 Rh4 22.Qxa7 Ne2 23.Bxc5 Qd8 24.Rg4 Nxg1 25.Rxh4 Nxf3+ 0-1

[Event "Lilla Elite Hotels Open 2015"]
[Site "Elite Stadshotellet, Vaxjo"]
[Date "2015.02.14"]
[Round "6.18"]
[White "Lindborg, Lukas"]
[Black "Ravik, Cecilia"]
[Result "0-1"]
[WhiteElo "1207"]
[BlackElo "1058"]
[EventDate "2015.02.13"]

1.c4 c5 2.d3 Nc6 3.Nc3 Nf6 4.Nf3 d6 5.g3 e5 6.Bg2 Be7 7.O-O O-O 8.Bg5 h6 
9.Bxf6 Bxf6 10.Rb1 Bd7 11.a3 Nd4 12.Nxd4 exd4 13.Ne4 Bf5 14.Nxf6+ Qxf6 15.
Bxb7 Rab8 16.Bg2 Rfe8 17.b4 Bg4 18.Re1 d5 19.Bxd5 a6 20.Bg2 cxb4 21.Rxb4 
Rxb4 22.axb4 Rb8 23.Qb1 a5 24.b5 Qd6 25.Qa2 Qb4 26.Rb1 Qc3 27.Qb2 a4 28.
Qxc3 dxc3 29.Rc1 Bxe2 30.Rxc3 Bd1 31.Rc1 Bb3 32.c5 Rxb5 33.c6 Rb8 34.c7 
Rc8 35.Bb7 Rxc7 36.Rxc7 a3 37.Rc8+ Kh7 38.Ra8 a2 39.d4 Kg6 40.Kf1 Kf6 41.
d5 Ke5 42.Ke2 g5 43.Kf3 f5 44.h4 g4+ 45.Ke3 Kd6 46.Kf4 Kc7 47.Bc8 Bxd5 48.
Ra4 Kxc8 49.Kxf5 Kc7 50.Kxg4 Kb6 51.Rb4+ Ka5 52.Rb2 a1=Q 53.Rd2 Be6+ 54.
Kh5 Qf6 55.f4 Qf7+ 56.Kxh6 Qf5 57.Rd6 Qf6+ 58.Kh5 Bf7+ 59.Kg4 Qxd6 0-1

[Event "Lilla Elite Hotels Open 2015"]
[Site "Elite Stadshotellet, Vaxjo"]
[Date "2015.02.14"]
[Round "6.19"]
[White "Johansson, Robert"]
[Black "Koniarski, Kaj"]
[Result "1/2-1/2"]
[WhiteElo "1457"]
[BlackElo "1066"]
[EventDate "2015.02.13"]

1.e4 e5 2.Nf3 Nc6 3.Bb5 a6 4.Ba4 Nf6 5.d3 b5 6.Bb3 Bc5 7.O-O d6 8.h3 O-O 
9.Re1 h6 10.Nc3 Re8 11.Nd5 Be6 12.Nxf6+ Qxf6 13.Bxe6 Rxe6 14.c3 Bb6 15.Be3
Bxe3 16.Rxe3 Rd8 17.d4 Re7 18.Rd3 Ree8 19.Rc1 exd4 20.Nxd4 Ne5 21.Rg3 c5 
22.Nf5 Nc4 23.Qh5 Re6 24.Rd1 Ne5 25.f4 Ng6 1/2-1/2

[Event "Lilla Elite Hotels Open 2015"]
[Site "Elite Stadshotellet, Vaxjo"]
[Date "2015.02.14"]
[Round "6.20"]
[White "Andersson, Fabian"]
[Black "Kullberg, Jesper"]
[Result "1/2-1/2"]
[WhiteElo "1100"]
[BlackElo "1127"]
[EventDate "2015.02.13"]

1.d4 Nf6 2.Nc3 g6 3.e4 d6 4.Nf3 Bg7 5.Bd3 O-O 6.Ng5 h6 7.Nf3 Re8 8.e5 dxe5
9.dxe5 Nd5 10.O-O Nxc3 11.bxc3 Nc6 12.Bf4 g5 13.Bg3 g4 14.Nh4 h5 15.Be4 
Qxd1 16.Raxd1 Nxe5 17.Bxe5 Bxe5 18.Rd5 f6 19.Ng6 Be6 20.Nxe5 Bxd5 21.Bxd5+
e6 22.Bxb7 Rab8 23.Bc6 fxe5 24.Bxe8 Rxe8 25.h3 gxh3 26.gxh3 Kf7 27.Rb1 c6 
28.Rb7+ Kf6 29.Rxa7 Rd8 30.a4 Rd2 31.a5 Rxc2 32.Rc7 Rxc3 33.a6 1/2-1/2

[Event "Lilla Elite Hotels Open 2015"]
[Site "Elite Stadshotellet, Vaxjo"]
[Date "2015.02.14"]
[Round "6.21"]
[White "Torngren, Alexander"]
[Black "Runfors, Leon"]
[Result "1-0"]
[WhiteElo "1093"]
[BlackElo "1073"]
[EventDate "2015.02.13"]

1.e4 e5 2.Nf3 Nc6 3.Nc3 d5 4.Nxd5 Bg4 5.Bc4 Bxf3 6.Qxf3 Nf6 7.Nxf6+ gxf6 
8.Qh5 Qe7 9.b3 O-O-O 10.Qxf7 Qxf7 11.Bxf7 Bh6 12.d3 Bxc1 13.Rxc1 Rhf8 14.
Bh5 Nb4 15.a3 Na2 16.Ra1 Nc3 17.Kd2 Nb5 18.a4 Nd4 19.Rab1 Ne6 20.Bg4 Rfe8 
21.b4 Kb8 22.a5 Nf4 23.g3 Ng2 24.Rhg1 Rg8 25.Bf5 Nf4 26.gxf4 Rxg1 27.Rxg1 
exf4 28.Bxh7 Rh8 29.c3 Rxh7 30.Rg8# 1-0

[Event "Lilla Elite Hotels Open 2015"]
[Site "Elite Stadshotellet, Vaxjo"]
[Date "2015.02.14"]
[Round "6.22"]
[White "Rasheed, Salahuddin"]
[Black "Torngren, Madelene"]
[Result "0-1"]
[WhiteElo "1100"]
[BlackElo "1057"]
[EventDate "2015.02.13"]

1.e4 e5 2.Nf3 Nc6 3.Bc4 Nf6 4.Ng5 d5 5.exd5 Nxd5 6.Nc3 Qxg5 7.d4 Qxg2 8.
Bxd5 Qg6 9.Nb5 Bb4+ 10.c3 Ba5 11.b4 Bb6 12.Be3 a6 13.Qa4 Bd7 14.dxe5 Bf5 
15.Bxb6 cxb6 16.Nc7+ Ke7 17.Nxa8 Rxa8 18.b5 Nxe5 19.Qb4+ Qd6 20.Qxd6+ Kxd6
21.Bxb7 Rb8 22.bxa6 Nc6 23.Bxc6 Kxc6 24.Rb1 Bxb1 25.O-O Bd3 26.Re1 Bxa6 
27.Re7 Kd6 28.Ra7 Bc4 29.h4 h5 30.a3 Ke5 31.Re7+ Kf4 32.Kg2 Bd5+ 33.f3 Ra8
34.Kf2 Rxa3 35.Re3 Ra2+ 36.Re2 Rxe2+ 37.Kxe2 Bxf3+ 38.Kd2 f5 39.c4 Kg4 40.
Ke3 f4+ 41.Kd3 Bg2 42.Kc3 f3 43.Kb4 f2 44.Kb5 f1=Q 45.Kxb6 Qxc4 46.Ka7 
Kxh4 47.Kb6 g5 48.Ka7 g4 49.Kb6 g3 50.Ka7 Bc6 51.Kb8 Bd5 52.Ka7 g2 53.Kb6 
g1=Q+ 54.Ka5 Qgc5# 0-1

[Event "Lilla Elite Hotels Open 2015"]
[Site "Elite Stadshotellet, Vaxjo"]
[Date "2015.02.14"]
[Round "6.23"]
[White "Vu, Alexander"]
[Black "Ravik, Zakarias"]
[Result "0-1"]
[WhiteElo "970"]
[BlackElo "1099"]
[EventDate "2015.02.13"]

1.e4 c5 2.Nf3 g6 3.Bc4 e6 4.d3 Bg7 5.Ng5 Nf6 6.e5 Nh5 7.Qf3 O-O 8.Qh3 h6 
9.Ne4 Bxe5 10.Bxh6 Ng7 11.Bg5 f6 12.Be3 Bd4 13.Bxd4 cxd4 14.c3 d5 15.Nxf6+
Qxf6 16.Bb3 e5 17.Bxd5+ Be6 18.Qf3 Qxf3 19.Bxf3 Nc6 20.cxd4 exd4 21.Be4 
Bf5 22.Bd5+ Ne6 23.Bc4 Kg7 24.O-O Nb4 25.Nd2 Nc5 26.Rfe1 Bxd3 27.Re7+ Kh8 
28.Rxb7 Nxb7 29.Bxd3 Nxd3 30.h3 Rxf2 31.Ne4 Rxb2 32.Ng5 Rf8 33.Ne6 Rff2 
34.Kh2 Rxg2+ 35.Kh1 Nd6 36.Rg1 Rh2# 0-1

[Event "Lilla Elite Hotels Open 2015"]
[Site "Elite Stadshotellet, Vaxjo"]
[Date "2015.02.14"]
[Round "6.24"]
[White "Olsson, Mattias"]
[Black "Lundberg, Oscar"]
[Result "1/2-1/2"]
[WhiteElo "1000"]
[BlackElo "1042"]
[EventDate "2015.02.13"]

1.c4 c5 2.e4 e5 3.Nc3 Nf6 4.Nge2 b6 5.f3 Bb7 6.d3 Be7 7.Ng3 O-O 8.Nf5 g6 
9.Nh6+ Kh8 10.Bg5 Ng8 11.Bxe7 Qxe7 12.Ng4 d6 13.Qc2 a5 14.Nd5 Bxd5 15.cxd5
Qd7 16.Ne3 Nf6 17.g4 Na6 18.Qc3 Qa4 19.b3 Qa3 20.Nc4 Qb4 21.Qxb4 Nxb4 22.
Nxb6 Nc2+ 23.Kd1 Nxa1 24.h4 Rab8 25.Nc4 Rb4 26.Nxd6 a4 27.Kc1 axb3 28.Kb2 
Rd8 29.Nxf7+ Kg8 30.Nxd8 Ra4 31.Kxa1 Rxa2+ 32.Kb1 Nd7 33.d6 Nb6 34.Rg1 Na4
35.Rg2 Nc3+ 36.Kc1 b2+ 37.Rxb2 Rxb2 38.Kxb2 Nd1+ 39.Kb3 Ne3 40.Be2 Ng2 41.
d7 Kf8 42.Ne6+ Ke7 43.Nxc5 Nxh4 44.Kc4 g5 45.d4 exd4 46.Kxd4 Ng6 47.Bb5 
Nf8 48.Kd5 Kd8 49.e5 h6 50.Kd6 Nxd7 51.Nxd7 h5 52.gxh5 g4 53.fxg4 Ke8 54.
g5 Kf7 55.g6+ Kg7 56.Ke7 Kg8 57.Nf6+ Kh8 58.h6 1/2-1/2

[Event "Lilla Elite Hotels Open 2015"]
[Site "Elite Stadshotellet, Vaxjo"]
[Date "2015.02.15"]
[Round "7.1"]
[White "Polovnikova, Margo"]
[Black "Dale, Svein"]
[Result "0-1"]
[WhiteElo "1504"]
[BlackElo "1709"]

1.e4 c6 2.d4 d5 3.e5 Bf5 4.Nc3 e6 5.g4 Bg6 6.Nge2 h6 7.Nf4 Bh7 8.Bd3 Bxd3 
9.Qxd3 Na6 10.Be3 Rc8 11.O-O-O Qa5 12.Kb1 b5 13.Bd2 b4 14.Nce2 c5 15.c4 
bxc3 16.Qxc3 Qb6 17.Qa5 c4 18.Qa4+ Qc6 19.Qxc6+ Rxc6 20.Ng2 Nb4 21.Bxb4 
Bxb4 22.Rc1 Ne7 23.Nc3 Kd7 24.f4 Rb8 25.Ka1 Rcb6 26.Ne3 Nc6 27.Rhd1 Be7 
28.Rd2 Nb4 29.f5 Nd3 30.Rb1 Bg5 31.Ncd1 Bxe3 32.Nxe3 c3 33.Rxd3 cxb2+ 34.
Rxb2 Rxb2 35.fxe6+ fxe6 36.Rd1 Rxh2 0-1

[Event "Lilla Elite Hotels Open 2015"]
[Site "Elite Stadshotellet, Vaxjo"]
[Date "2015.02.15"]
[Round "7.2"]
[White "Sniegon, Adam"]
[Black "Bjorkman, Filip"]
[Result "1/2-1/2"]
[WhiteElo "1527"]
[BlackElo "1225"]

1.d4 Nf6 2.c4 g6 3.Nc3 d5 4.cxd5 Nxd5 5.Nf3 Nxc3 6.bxc3 Bg7 7.Bf4 c5 8.e3 
Qa5 9.Qb3 Nc6 10.Bb5 Bd7 11.Bxc6 Bxc6 12.O-O O-O 13.Rac1 Rfd8 14.Ne5 Bd5 
15.c4 Be4 16.f3 cxd4 17.Nxf7 Kxf7 18.fxe4 Kg8 19.Qxb7 e5 20.Bg5 Rf8 21.
exd4 exd4 22.Be7 Rfe8 23.Bb4 Qb6 24.Qd5+ Qe6 25.Rcd1 a5 26.Bc5 Rac8 27.
Qxe6+ Rxe6 28.Bxd4 Rxe4 29.Bxg7 Kxg7 30.Rd7+ Kh6 1/2-1/2

[Event "Lilla Elite Hotels Open 2015"]
[Site "Elite Stadshotellet, Vaxjo"]
[Date "2015.02.15"]
[Round "7.3"]
[White "Johansson, Krister"]
[Black "Sjodin, Filip"]
[Result "1-0"]
[WhiteElo "1575"]
[BlackElo "1615"]

1.Nf3 c5 2.g3 Nf6 3.Bg2 Nc6 4.O-O d5 5.d3 Bf5 6.Nbd2 e6 7.Re1 Be7 8.e4 Bg4
9.c3 O-O 10.h3 Bh5 11.g4 Bg6 12.Qe2 Re8 13.Nh4 d4 14.Nxg6 hxg6 15.f4 Qc7 
16.Nf3 Nd7 17.e5 Nb6 18.c4 a6 19.Bd2 Nd7 20.Rab1 Rab8 21.Qe4 Na7 22.g5 b5 
23.b3 bxc4 24.dxc4 a5 25.Kf2 a4 26.Rh1 axb3 27.axb3 Nc6 28.h4 Nb4 29.h5 
Qc6 30.Qe2 d3 31.Qe3 Nf8 32.h6 Nh7 33.hxg7 Kxg7 34.Rh6 Qd7 35.Rbh1 Rh8 36.
Bc3 Nc2 37.Qe4 Rxb3 38.f5 d2 39.Qh4 d1=N+ 40.Kg3 Nxg5 41.f6+ 1-0

[Event "Lilla Elite Hotels Open 2015"]
[Site "Elite Stadshotellet, Vaxjo"]
[Date "2015.02.15"]
[Round "7.5"]
[White "Forsberg, Andre"]
[Black "Sixt, Joar"]
[Result "1-0"]
[WhiteElo "1510"]
[BlackElo "1356"]

1.e4 c5 2.d4 cxd4 3.Nf3 Nc6 4.Nxd4 Nxd4 5.Qxd4 Nf6 6.Nc3 d6 7.Bg5 e5 8.
Qa4+ Bd7 9.Bb5 Be7 10.Bxf6 Bxf6 11.Nd5 Rc8 12.Nxf6+ gxf6 13.O-O-O a6 14.
Bxd7+ Qxd7 15.Qxd7+ Kxd7 16.Rd3 Ke6 17.Re1 Rhg8 18.g3 Rc6 19.Red1 Rgc8 20.
R1d2 b5 21.Rd5 b4 22.f4 f5 23.exf5+ Kxf5 24.Rxd6 Rxd6 25.Rxd6 exf4 26.gxf4
Kxf4 27.Rf6+ Ke3 28.Rxf7 h5 29.Rf5 Rh8 30.h4 Ke4 31.Rg5 Ke3 32.b3 Rh6 33.
Kb2 Kd4 34.Ra5 Ke4 35.Rc5 Kf3 36.Rg5 Kf4 37.a3 bxa3+ 38.Kxa3 Rc6 39.c4 Rh6
40.Kb4 Ke4 41.Kc5 Kf3 42.b4 Kf4 43.b5 a5 44.b6 a4 45.b7 Rh8 46.Kb6 a3 47.
Ra5 Rh6+ 48.Ka7 Rh7 49.Ka8 Rh8+ 50.b8=Q+ Rxb8+ 51.Kxb8 Kg4 52.c5 Kxh4 53.
c6 Kg4 54.c7 h4 55.c8=Q+ Kg3 56.Rxa3+ Kf4 57.Qc4+ Ke5 58.Ra5+ Kf6 59.Qc6+ 
Ke7 60.Ra7+ Kf8 61.Qc8# 1-0

[Event "Lilla Elite Hotels Open 2015"]
[Site "Elite Stadshotellet, Vaxjo"]
[Date "2015.02.15"]
[Round "7.6"]
[White "Karlsson, Roger 1951"]
[Black "Lotinac, Seid"]
[Result "0-1"]
[WhiteElo "1336"]
[BlackElo "1471"]

1.e4 e5 2.Nf3 Nc6 3.d4 exd4 4.Nxd4 Bc5 5.Nb3 Bb6 6.a4 a6 7.Bc4 d6 8.O-O h6
9.Qe2 Nf6 10.Nc3 Be6 11.Nd5 Ne5 12.Nxf6+ Qxf6 13.Bxe6 Qxe6 14.Be3 c5 15.
Nd2 Bc7 16.c4 g5 17.Nf3 Nxc4 18.b3 Ne5 19.Nxe5 Qxe5 20.f3 O-O-O 21.Bf2 f5 
22.g3 Rde8 23.Rfe1 h5 24.Qc4 fxe4 25.Qxe4 Qf6 26.Qc4 Qxf3 27.Rxe8+ Rxe8 
28.Re1 Rf8 29.Qe2 b5 30.Be3 g4 31.Bf4 Qxb3 32.Qe4 Qf7 33.Qa8+ Kd7 34.Qxa6 
Qc4 35.axb5 Qd4+ 36.Kf1 Qd5 37.Kg1 Ra8 38.Qc6+ Qxc6 39.bxc6+ Kxc6 40.Re6 
c4 41.Kf1 Ra2 42.Re1 Rxh2 0-1

[Event "Lilla Elite Hotels Open 2015"]
[Site "Elite Stadshotellet, Vaxjo"]
[Date "2015.02.15"]
[Round "7.8"]
[White "Mossblad, Edvin"]
[Black "Krohn, Johan"]
[Result "1-0"]
[WhiteElo "1334"]
[BlackElo "1118"]

1.c4 c5 2.e3 e6 3.d4 d5 4.Nc3 a6 5.Nf3 Nf6 6.Ne5 Nc6 7.Nxc6 bxc6 8.b3 Rb8 
9.Qf3 Bd6 10.dxc5 Be5 11.Bd2 Ne4 12.Rc1 Nxd2 13.Kxd2 dxc4+ 14.Kc2 cxb3+ 
15.axb3 O-O 16.Na4 Qa5 17.Bc4 Rd8 18.Rhd1 Bf6 19.Rxd8+ Bxd8 20.Qxc6 h6 21.
Qe8+ Kh7 22.Bd3+ g6 23.Qxf7+ Kh8 24.Bxg6 Qd2+ 25.Kxd2 Ba5+ 26.Ke2 1-0

[Event "Lilla Elite Hotels Open 2015"]
[Site "Elite Stadshotellet, Vaxjo"]
[Date "2015.02.15"]
[Round "7.9"]
[White "Jorgensen, Stein"]
[Black "Sandgren, Per-Olov"]
[Result "1-0"]
[WhiteElo "1452"]
[BlackElo "1555"]
[EventDate "2015.02.13"]

1.d4 d5 2.Nf3 Nf6 3.g3 g6 4.Bg2 Bg7 5.c4 e6 6.cxd5 exd5 7.O-O O-O 8.Nc3 a6
9.Qb3 b5 10.Ne5 Bb7 11.Nd3 Nc6 12.e3 Na5 13.Qd1 Rc8 14.b3 Ne4 15.Nxe4 dxe4
16.Nc5 Bc6 17.Qc2 f5 18.Bd2 Nb7 19.Nxb7 Bxb7 20.Ba5 Re8 21.Rfe1 Qd5 22.Bb4
c6 23.Qd1 Qd8 24.Qe2 a5 25.Bc5 b4 26.Rec1 Ra8 27.Bf1 Ba6 28.Qd2 Bxf1 29.
Kxf1 Qd5 30.Qc2 Rec8 31.Qb1 a4 32.Bxb4 Qb5+ 33.Rc4 axb3 34.axb3 c5 35.Bxc5
Rxc5 1-0

[Event "Lilla Elite Hotels Open 2015"]
[Site "Elite Stadshotellet, Vaxjo"]
[Date "2015.02.15"]
[Round "7.10"]
[White "Wetterling, Ywonne"]
[Black "Sahak, Sanjar"]
[Result "1-0"]
[WhiteElo "1368"]
[BlackElo "1710"]
[EventDate "2015.02.13"]

1.d4 Nf6 2.c4 e6 3.Nc3 d5 4.Bg5 Be7 5.Nf3 Qd6 6.Bxf6 Bxf6 7.e3 b6 8.cxd5 
exd5 9.Rc1 O-O 10.Be2 Ba6 11.O-O Bxe2 12.Qxe2 c5 13.Nb5 Qe7 14.dxc5 bxc5 
15.Rc2 Nd7 16.Nc7 Rab8 17.Nxd5 Qe6 18.Nxf6+ Nxf6 19.b3 Rfc8 20.Rfc1 Qf5 
21.Rc4 Rb7 22.Qc2 Qxc2 23.R1xc2 Nd7 24.g3 h6 25.b4 Rbc7 26.a3 Kf8 27.Nd2 
Ne5 28.Rxc5 Rxc5 29.Rxc5 Rxc5 30.bxc5 Ke7 31.Kf1 Ke6 32.Ke2 Kd5 33.f4 Nc6 
34.Kd3 Kxc5 35.Nb3+ Kb5 36.Nd4+ Nxd4 37.exd4 Kc6 38.Kc4 Kd6 39.d5 f6 40.h4
g6 41.g4 a6 42.a4 a5 43.g5 hxg5 44.hxg5 fxg5 45.fxg5 Kd7 46.Kc5 Kc7 47.d6+
Kd7 48.Kd5 Ke8 49.Ke6 Kd8 50.d7 1-0

[Event "Lilla Elite Hotels Open 2015"]
[Site "Elite Stadshotellet, Vaxjo"]
[Date "2015.02.15"]
[Round "7.11"]
[White "Bech Johansson, Amadeus"]
[Black "Johansson, Robert"]
[Result "1-0"]
[WhiteElo "1025"]
[BlackElo "1457"]
[EventDate "2015.02.13"]

1.d4 d5 2.c4 c6 3.Nc3 Nf6 4.Bg5 e6 5.e3 Be7 6.Nf3 O-O 7.Bd3 Nfd7 8.Bxe7 
Qxe7 9.Qc2 g6 10.O-O Nf6 11.cxd5 cxd5 12.Rfe1 b6 13.e4 Rd8 14.e5 Nfd7 15.
Nb5 Ba6 16.Nd6 Nf8 17.h3 Bxd3 18.Qxd3 Rxd6 19.exd6 Qxd6 20.Rac1 Nc6 21.Qb5
Ne7 22.Qd3 Kg7 23.Qe3 Ng8 24.Qe5+ Qxe5 25.Nxe5 Ne7 26.Rc7 Re8 27.Rxa7 f6 
28.Nf3 Kg8 29.b4 Nc6 30.Rb7 Nxb4 31.Rxb6 Nxa2 32.Reb1 Nc3 33.R1b3 Ne4 34.
Rb8 Rxb8 35.Rxb8 Kf7 36.Rb7+ Kg8 37.Kf1 h6 38.Ke2 g5 39.Nd2 Nxd2 40.Kxd2 
e5 41.Ke3 Ne6 42.Re7 exd4+ 43.Ke2 Nf4+ 44.Kf3 Nd3 45.g3 h5 46.Ke2 Kf8 47.
Rh7 h4 48.Kxd3 hxg3 49.fxg3 1-0

[Event "Lilla Elite Hotels Open 2015"]
[Site "Elite Stadshotellet, Vaxjo"]
[Date "2015.02.15"]
[Round "7.12"]
[White "Flykt, Gabriel"]
[Black "Jernberg, Christopher"]
[Result "1-0"]
[WhiteElo "1375"]
[BlackElo "1196"]
[EventDate "2015.02.13"]

1.e4 e5 2.Nf3 Nc6 3.Bc4 Nf6 4.d3 h6 5.Be3 d6 6.Qd2 Bg4 7.h3 Bxf3 8.gxf3 
Nd4 9.Qd1 b5 10.Bd5 Nxd5 11.exd5 Qf6 12.Nd2 Nf5 13.Qe2 a5 14.Ne4 Qd8 15.
Ng3 Nxg3 16.fxg3 Qd7 17.Kf2 Be7 18.Qd2 Bg5 19.Bxg5 hxg5 20.Qxg5 g6 21.g4 
c6 22.dxc6 Qxc6 23.c3 b4 24.c4 Qc5+ 25.Qe3 Qc6 26.Qe4 Qc5+ 27.d4 Qxd4+ 28.
Qxd4 exd4 29.Rad1 Rc8 30.Rxd4 Kd7 31.Kg3 Rc6 32.b3 Kc7 33.Rd5 Ra8 34.h4 
Rca6 35.h5 Rh8 36.f4 gxh5 37.Rhxh5 Rg8 38.Rxa5 Rxa5 39.Rxa5 Kc6 40.Rb5 Ra8
41.Rxb4 Rxa2 42.Rb5 Rb2 43.Kh4 d5 44.Rxd5 Rxb3 45.Rf5 Rb4 46.Rxf7 Rxc4 47.
Kg5 Kd6 48.f5 Rc5 49.Rf6+ Ke7 50.Kg6 Rc8 51.Rf7+ Kd6 52.f6 Rg8+ 53.Rg7 Rf8
54.f7 Ke7 55.g5 Ke6 56.Rg8 Rxf7 57.Re8+ Re7 58.Rxe7+ Kxe7 59.Kh7 Ke6 60.g6
Kd5 1-0

[Event "Lilla Elite Hotels Open 2015"]
[Site "Elite Stadshotellet, Vaxjo"]
[Date "2015.02.15"]
[Round "7.13"]
[White "Sorensen, Alva"]
[Black "Laine, Jacob"]
[Result "0-1"]
[WhiteElo "1348"]
[BlackElo "1030"]
[EventDate "2015.02.13"]

1.e4 e5 2.Nf3 Nc6 3.Bc4 Nf6 4.Ng5 d5 5.exd5 Nd4 6.d6 Qxd6 7.Nxf7 Qc6 8.b3 
Qxg2 9.Bb5+ Nxb5 10.Rf1 Nd4 11.f3 Bh3 0-1

[Event "Lilla Elite Hotels Open 2015"]
[Site "Elite Stadshotellet, Vaxjo"]
[Date "2015.02.15"]
[Round "7.14"]
[White "Fahradin, Bear"]
[Black "Johannesson, Olof"]
[Result "0-1"]
[WhiteElo "1221"]
[BlackElo "1343"]
[EventDate "2015.02.13"]

1.e4 e5 2.Nf3 Nc6 3.Nc3 Nf6 4.Bc4 Be7 5.d4 exd4 6.Nxd4 d6 7.O-O a6 8.Re1 
O-O 9.Be3 Ne5 10.Bb3 b5 11.Bd2 Bb7 12.Nd5 Re8 13.Nxf6+ Bxf6 14.Qh5 Nc4 15.
Bc3 Bxe4 16.Re2 Bb7 17.Rae1 Rxe2 18.Rxe2 d5 19.a3 c5 20.Nf3 d4 21.Bd2 d3 
22.Re1 dxc2 23.Bxc2 g6 24.Qh6 Bxf3 25.gxf3 Qxd2 26.Qxd2 Nxd2 27.Bd1 Bxb2 
28.Re2 Rd8 29.Bc2 Bxa3 30.Re7 c4 31.Ra7 Rd6 32.Ra8+ Kg7 33.f4 Nf3+ 34.Kh1 
Nd4 35.Be4 c3 36.Rc8 b4 37.h4 Bb2 38.Kg2 b3 39.Kg3 c2 40.Kg4 c1=Q 41.Rxc1 
Bxc1 42.Kg5 f6+ 43.Kg4 b2 44.h5 gxh5+ 45.Kxh5 a5 46.f5 a4 47.f3 a3 48.f4 
a2 49.Bf3 a1=Q 0-1

[Event "Lilla Elite Hotels Open 2015"]
[Site "Elite Stadshotellet, Vaxjo"]
[Date "2015.02.15"]
[Round "7.15"]
[White "Morell, Adam"]
[Black "Fredriksson, Erling"]
[Result "1-0"]
[WhiteElo "1300"]
[BlackElo "1142"]
[EventDate "2015.02.13"]

1.e4 e5 2.Nf3 Nc6 3.Bc4 h6 4.d4 exd4 5.Nxd4 Nxd4 6.Qxd4 Nf6 7.e5 Qe7 8.O-O
Nh7 9.Bd2 f6 10.exf6 Qxf6 11.Re1+ Be7 12.Bc3 Rf8 13.Qe3 Qd6 14.Bxg7 Rf5 
15.Qxh6 Qc5 16.Qe3 Qxe3 17.Rxe3 Rg5 18.Bc3 d5 19.Bd3 Bf5 20.Bxf5 Rxf5 21.
Bb4 Rf7 22.Nd2 Kd7 23.Bxe7 Rxe7 24.Rxe7+ Kxe7 25.Re1+ Kd7 26.c3 Nf6 27.f3 
Rg8 28.g4 b6 29.h3 Nh5 30.Kh2 Nf4 31.Re3 Rh8 32.Kg3 Nxh3 33.f4 Kd6 34.Re1 
Nxf4 35.Kxf4 Rh2 36.Nb1 Rxb2 37.a3 Rf2+ 38.Kg3 Rf8 39.g5 Kd7 40.Kg4 Re8 
41.Rxe8 Kxe8 42.g6 Kf8 43.Kf5 Kg7 44.Ke6 Kxg6 45.Kxd5 c5 46.Kc6 c4 47.Kb5 
Kf6 48.Kxc4 Ke7 49.Kb5 Kd6 50.Ka6 Kc6 51.Kxa7 b5 52.Ka6 Kc5 53.Ka5 Kc4 54.
Kb6 Kb3 55.Kxb5 Kb2 56.c4 Kxb1 1-0

[Event "Lilla Elite Hotels Open 2015"]
[Site "Elite Stadshotellet, Vaxjo"]
[Date "2015.02.15"]
[Round "7.16"]
[White "Morell, Ludvig"]
[Black "Torngren, Alexander"]
[Result "1-0"]
[WhiteElo "1178"]
[BlackElo "1093"]
[EventDate "2015.02.13"]

1.e4 e5 2.Nf3 Nc6 3.Bc4 Bc5 4.O-O Nf6 5.Ng5 O-O 6.Nc3 Ne8 7.d3 h6 8.Nf3 
Nf6 9.Nd5 Be7 10.Nxf6+ Bxf6 11.Bd5 Nd4 12.Nxd4 exd4 13.e5 Bg5 14.Bxg5 Qxg5
15.Re1 Re8 16.Qe2 Kh8 17.Bxf7 Re7 18.Bc4 d6 19.Qf3 dxe5 20.Qf8+ Kh7 21.Bd5
Bh3 22.Be4+ g6 23.Qxa8 Rf7 24.Qxb7 Rf4 25.Qxc7+ Kg8 26.Bd5+ Kf8 27.Qb8+ 
Ke7 28.Rxe5+ 1-0

[Event "Lilla Elite Hotels Open 2015"]
[Site "Elite Stadshotellet, Vaxjo"]
[Date "2015.02.15"]
[Round "7.17"]
[White "Lindberg, Styrbjorn"]
[Black "Andersson, Fabian"]
[Result "1-0"]
[WhiteElo "1305"]
[BlackElo "1100"]
[EventDate "2015.02.13"]

1.e4 e5 2.Nf3 Nc6 3.c3 Nf6 4.d4 d6 5.Bg5 Be7 6.Nbd2 exd4 7.cxd4 d5 8.e5 
Ne4 9.Bxe7 Qxe7 10.Bd3 Nxd2 11.Qxd2 Be6 12.O-O O-O-O 13.Rac1 Bg4 14.Be2 f6
15.Rfe1 Qb4 16.a3 Qxd2 17.Nxd2 Bxe2 18.Rxe2 Nxd4 19.Re3 fxe5 20.Rxe5 Rde8 
21.Rce1 Rxe5 22.Rxe5 Rd8 23.f4 c6 24.Kf2 b5 25.Ke3 Nc2+ 26.Kd3 Na1 27.Re1 
Rf8 28.g3 a5 29.Rxa1 b4 30.axb4 axb4 31.Ra8+ 1-0